00434cam a2200169ua 45000010005000000080039000050200018000440400009000620410008000710820012000791000026000912450081001172500009001982600028002073000010002356530019002457303141206n ii |||gr||||Z||||||ben a9788189101275 cMAIN aben a891.444 aSingh, N.T.,eAuthor.1 aManipuri theatre : bKhomjinba waren khara / cBy Nongmaithem Tombi Singh .  a1st. aImphal:bWriter,c2008. a193p. aBengali essays